000
00209 a2200097 4500
001
11967
100
_a
Menon, K.P.S.
245
_a
The league of Arab states
260
_a
_b
New jorsey
_c
090
_c
9221
_d
9221
942
_a
NUST-CAE
_c
M
_c
36069
999
_c
247040
_d
247040